Military Presence and Civic Integration in Hispania Ulterior from Sertorius to Caesar

محفوظ في:

مؤلفون آخرون: Espinosa Espinosa, David (المحرر), Pereira, Carlos (المحرر), García Fernández, Estela (المحرر), Morillo, Ángel (المحرر)

التنسيق: كتاب

منشور في: Oxford Archaeopress Publishing Ltd 2025

الوسوم: إضافة وسم

لا توجد وسوم, كن أول من يضع وسما على هذه التسجيلة!

رقم الطلب:

LEADER 00842namaa2200205 4500
001 9781805832119
003 UkOxAP
005 20260405155019.0
020 |a 9781805832126 
776 1 |x 9781805832119 
245 0 0 |a Military Presence and Civic Integration in Hispania Ulterior from Sertorius to Caesar 
100 1 |a Espinosa Espinosa, David  |e Editor  |l English 
700 1 |a Pereira, Carlos  |e Editor  |l English 
700 1 |a García Fernández, Estela  |e Editor  |l English 
700 1 |a Morillo, Ángel  |e Editor  |l English 
856 4 2 |a http://library.arce.org:8087/Archaeopress/Products/9781805832126 
260 |a Oxford  |b Archaeopress Publishing Ltd  |c 2025 
270 |a Archaeopress Publishing Ltd, Summertown Pavillion, 18 -24 Middle Way, Summertown  |b Oxford  |d United Kingdom  |e OX2 7LG  |k 44-1865-311914  |m info@archaeopress.com 
942 |2 lcc  |c EBOOK 
999 |c 62167  |d 62167